Tajemný host /

Další z řady detektivních románů kanadské autorky s hlavní hrdinkou Molly Grayovou. Molly konečně dosáhla v práci postavení, jaké jí náleží. Jenomže v tu nejméně vhodnou chvíli se v hotelu stane vražda a Molly má náhle plné ruce práce.

Hlavní autor: Prose, Nita, 1972-
Další autoři: Zvěřinová, Zdeňka, 1970-
Jazyk: Čeština
Vydáno: Praha : Euromedia Group, 2024
Vydání: Vydání první
Témata:
Fyzický popis: 287 stran ; 24 cm
Knihy
Uloženo v:
LEADER 02666nam a2200493 i 4500
001 nkc20243614683
003 CZ PrNK
005 20240812182919.0
007 ta
008 240711s2024 xr g 000 f cze
015 |a cnb003614683 
020 |a 978-80-242-9829-0  |q (vázáno) 
035 |a (OCoLC)1455303052 
040 |a ABG001  |b cze  |e rda 
041 1 |a cze  |h eng 
072 7 |a 821.111-3  |x Anglická próza, anglicky psaná  |2 Konspekt  |9 25 
080 |a 821.111(71)-31  |2 MRF 
080 |a (0:82-312.4)  |2 MRF 
100 1 |a Prose, Nita,  |d 1972-  |7 xx0276170  |4 aut 
240 1 0 |a Mystery guest.  |l Česky 
245 1 0 |a Tajemný host /  |c Nita Prose ; přeložila Zdeňka Zvěřinová 
250 |a Vydání první 
264 1 |a Praha :  |b Euromedia Group,  |c 2024 
300 |a 287 stran ;  |c 24 cm 
336 |a text  |b txt  |2 rdacontent 
337 |a bez média  |b n  |2 rdamedia 
338 |a svazek  |b nc  |2 rdacarrier 
500 |a "Vydala Euromedia Group, a.s., v edici Kalibr"--Tiráž 
500 |a Přeloženo z angličtiny 
520 2 |a Další z řady detektivních románů kanadské autorky s hlavní hrdinkou Molly Grayovou. Molly konečně dosáhla v práci postavení, jaké jí náleží. Jenomže v tu nejméně vhodnou chvíli se v hotelu stane vražda a Molly má náhle plné ruce práce.  |b Molly Grayová je jiná než ostatní. Díky svému citu pro úklid a patřičnou etiketu se ve velkolepém hotelu Regency Grand stala váženou hlavní pokojskou. Avšak vše se převrátí vzhůru nohama, když je v hotelové čajovně nalezen mrtvý světově proslulý autor detektivek. Událost opět vyšetřuje nepřátelská policistka Starková a není nouze o podezřelé: Zabila jej nová pokojská Lily? Nebo spisovatelova sekretářka Serena? Anebo že by něco skrýval hotelový portýr, milý pan Preston? Spisovatelova smrt přitahuje pozornost, ohrožuje pověst hotelu a Molly si uvědomuje, že klíč k odhalení vraha spočívá v jejích rukou, pohřbený hluboko v minulosti - Molly totiž zavražděného znala. Nakladatelská anotace. 
655 7 |a kanadské romány (anglicky)  |7 fd139325  |2 czenas 
655 7 |a detektivní romány  |7 fd132010  |2 czenas 
655 9 |a Canadian fiction (English)  |2 eczenas 
655 9 |a detective novels  |2 eczenas 
700 1 |a Zvěřinová, Zdeňka,  |d 1970-  |7 mzk2003184711  |4 trl 
787 0 8 |i Z cyklu:  |t Pokojská  |g 2 
910 2 |a BOA001  |b 2-1527.778 
920 |a 4999188  |z ABG001 
928 9 |a Euromedia Group - Kalibr 
928 9 |a Kalibr 
990 |a BK 
995 |a 01 
991 |b 202407  |c NOV 
996 6 |b 2610975572  |c 2-1527.778  |l MZK  |r Sklad / do 1 hodiny  |n 0  |p p.v.  |w 001971527  |u 000010  |a 1  |e BOA001  |j MZK50  |s P